| 000 | 00960nam a2200277 i 4500 | ||
|---|---|---|---|
| 003 | DO-SdBNP | ||
| 005 | 20250722143240.0 | ||
| 007 | ta | ||
| 008 | 190724s1985 000 spa d | ||
| 040 |
_aDO-SdBNP _bspa _cBNPHU _erda |
||
| 041 | _asp | ||
| 082 |
_a336.266 _bM521s _222 |
||
| 100 |
_aMelgen de Elias, Martha _eautor _4aut _976494 |
||
| 245 | 3 |
_aEl sistema de exoneraciones en la República Dominicana / _cMartha Melgen de Elias |
|
| 264 |
_aSanto Domingo, _bInstituto de Capacitación Tributaria, _c1985. |
||
| 300 |
_a111 páginas ; _c28 cm |
||
| 336 |
_ardacontent _btexto _2txt |
||
| 337 |
_ardamedia _bsin mediación _2n |
||
| 338 |
_ardacarrier _bvolumen _2nc |
||
| 490 |
_aINCAT. Manuales de capacitación y adiestramiento ; _v3 |
||
| 590 | _aInventariado, 2025/ DG | ||
| 650 | 4 |
_aExención de impuestos _zRepública Dominicana _988421 |
|
| 650 | 4 |
_aImpuestos _xRepública Dominicana - Legislación _988422 |
|
| 910 | _aDG | ||
| 942 |
_2ddc _cLBS1 |
||
| 999 |
_c48649 _d48649 |
||